00881nam a2200217Ia 4500008004100000082001300041100001700054245003800071250000800109260003300117300000800150500002400158650001200182700002500194942000700219952010200226952011400328952010200442952010200544999001700646230524s9999 xx 000 0 und d a539bBAS aMochiram Das 0aIntroduction to Quantum Mechanics a2ND aNEW DELHIbKitab Mahalc2005 a392 aQuantity Number: 4 aPhysics a Prasanta Kumar Jena cBK 00104070aTATCLbTATCLcGENd2023-05-24l0o539 BASp6092r2023-05-24w2023-05-24yBKzBSCP2101 00104070aTATCLbTATCLcGENd2023-05-24l1o539 BASp6093r2024-04-15s2024-04-15w2023-05-24yBKzBSCP2101 00104070aTATCLbTATCLcGENd2023-05-24l0o539 BASp7472r2023-05-24w2023-05-24yBKzBSCP2101 00104070aTATCLbTATCLcGENd2023-05-24l0o539 BASp7473r2023-05-24w2023-05-24yBKzBSCP2101 c14803d14803